El pensamiento de Vigotsky: contradicciones, desdoblamientos y desarrollo /
| Váldodahkki: | |
|---|---|
| Materiálatiipa: | Girji |
| Giella: | espánnjágiella |
| Almmustuhtton: |
México :
Trillas,
2011
|
| Fáttát: |
MARC
| LEADER | 00000nam a2200000Ia 4500 | ||
|---|---|---|---|
| 008 | 170203b2011 mx ||||| |||| 00| | spa d | ||
| 999 | |c 473 |d 473 | ||
| 020 | |a 9786071707161 | ||
| 090 | |a 06.01.01 |b 1773 | ||
| 100 | 1 | |9 1676 |a González Rey, Fernando Luis | |
| 245 | 1 | 3 | |a El pensamiento de Vigotsky: contradicciones, desdoblamientos y desarrollo / |c Fernando Luis González Rey |
| 260 | |a México : |b Trillas, |c 2011 | ||
| 300 | |a 232 páginas | ||
| 600 | 1 | 4 | |9 906 |a VYGOTSKY, LEV SEMIONOVICH |
| 650 | 0 | |a PSICOLOGÍA DE LA EDUCACIÓN |9 625 | |
| 942 | |i 003525 |h 06.01.01 1773 |2 z |c 01 | ||
